00225 a2200109 4500001000700000040001100007100001800018240003400036245002900070300000700099362000900106194886 cMagnum aMORAL, Silvia10aO bosque das históriaslpor10aO bosque das histórias a160 a2020